Las nuevas reglas sobre propiedad intelectual y sus consecuencias para el comercio de tecnología (Registro nro. 33312)
[ vista simple ]
| 000 -LEADER | |
|---|---|
| fixed length control field | 00435 a2200109 4500 |
| 001 - CONTROL NUMBER | |
| control field | ART_41626 |
| 005 - DATE AND TIME OF LATEST TRANSACTION | |
| control field | 20260410162023.0 |
| 008 - FIXED-LENGTH DATA ELEMENTS--GENERAL INFORMATION | |
| fixed length control field | 260409a |
| 100 1# - MAIN ENTRY--PERSONAL NAME | |
| Personal name | Correa, Carlos María |
| 245 10 - TITLE STATEMENT | |
| Title | Las nuevas reglas sobre propiedad intelectual y sus consecuencias para el comercio de tecnología |
| 773 0# - HOST ITEM ENTRY | |
| Title | Revista del derecho industrial |
| Related parts | Transferencia de tecnología - Año XIII, Nº 37 (ene./abr. 1991) |
| Record control number | REV41547 |
No hay ítems disponibles.